000 00581nam a2200217Ia 4500
003 OSt
005 20240808143409.0
008 210719s2017 xx 000 0 und d
040 _cAL
041 _akan
082 _aK894.4 SHIM
100 _aSHIVAKUMARA B A ALAGODU: ಶಿವಕುಮಾರ ಬಿ ಎ ಅಲಗೂಡು
_9175896
245 _aMunnudi:
_bಮುನ್ನುಡಿ
260 _aKerala
_c2017
300 _a112
_bPB
365 _b70
_cRs
650 _aKannada Prose
_9175897
650 _aKannada Prose
_9175897
906 _aMunnudi
942 _2ddc
_cBK
999 _c215818
_d215818